000 00734nam a22002297a 4500
003 NUST-PNEC
005 20170116181150.0
008 140508b xxu||||| |||| 00| 0 eng d
020 _a9789339204792
020 _a9339204794
020 _a9780072957167
040 _cLIBRARY
082 _a621.382 PRO
100 _94
_aProakis John G
245 _aDigital Communications
_cJohn G. Proakis
250 _a5th ed.
260 _cc.2008
_aNew Delhi
_bMcGraw Hill (india)
300 _a1150 pages
650 _xMIS, MS COMM
_916329
_aDigital communications
856 _uhttp://www.amazon.com/Proakis-Salehi-5e-Digital-Communication/dp/9339204794/ref=sr_1_1?ie=UTF8&qid=1455002170&sr=8-1&keywords=9789339204792
942 _2ddc
_cBK
999 _c70897
_d70897